| 000 | 00498nam a2200169 i 4500 | ||
|---|---|---|---|
| 001 | 57236 | ||
| 003 | ES-MaACL | ||
| 005 | 20230906163535.0 | ||
| 007 | t| | ||
| 008 | 031015s1936 fr ||||1| fre d | ||
| 100 | 1 |
_aDixelius von Aster, Hildur. _944899 |
|
| 245 | 1 | 0 |
_aSimples histoires du nord / _cHildur Dixelius ; traduit du sĂședois par M. Metzger. |
| 260 |
_aParis : _bJe Sers, _c[1936] ( _fLabor) |
||
| 300 |
_a219 p. ; _c19 cm. |
||
| 700 | 1 |
_aMetzger, M. _980751 |
|
| 852 |
_aES-MaACL _jA-4530 |
||
| 999 |
_c57236 _d57236 |
||